|
|
|
|
| LEADER |
00000nab a2200000 a 4500 |
| 001 |
vtls000510393 |
| 003 |
SK-MaSNL |
| 005 |
20260305011220.0 |
| 008 |
250425c1994 xo 0 slo |
| 015 |
|
|
|a SNBRB19rr/mm-uuuuu
|
| 035 |
|
|
|a CL0510531
|
| 035 |
|
|
|a urn:nbn:sk:snk-abam0z
|
| 035 |
|
|
|a (urnnbn)urn:nbn:sk:snk:ar-008240
|
| 035 |
|
|
|a (uuid)97e3e3d2-4cf1-48cd-bbec-ed17507f195b
|
| 040 |
|
|
|a SNKBUCL
|b slo
|c SNKBUCL
|e AACR2
|
| 041 |
0 |
|
|a slo
|
| 044 |
|
|
|a xo
|c SK
|
| 080 |
|
|
|a 82:929:885.4
|2 1981
|
| 080 |
|
|
|a 885.4
|2 1981
|
| 080 |
|
|
|a 929 Haľamová, Maša
|2 1981
|
| 100 |
0 |
|
|a Haľamová, Maša,
|d 1908-1995
|4 aut
|9 107954
|
| 245 |
1 |
0 |
|a Polovicou duše v rozprávke
|b Hovoríme s poetkou Mašou Haľamovou
|c Maša Haľamová, Etela Farkašová, Marianna Mináriková
|
| 300 |
|
|
|b Fotogr. 2
|
| 500 |
|
|
|a Inform. o poetke
|
| 600 |
0 |
7 |
|a Haľamová, Maša,
|d 1908-1995
|2 snkbucl
|9 107954
|
| 655 |
|
7 |
|a články z novín a časopisov
|2 snkbucl
|9 267496
|
| 655 |
|
7 |
|a články z odboru literárna veda a krásna literatúra
|2 snkbucl
|9 770045
|
| 700 |
1 |
|
|a Farkašová, Etela,
|d 1943-
|4 aut
|9 100186
|
| 700 |
1 |
|
|a Mináriková, Marianna,
|d 1930-2012
|4 aut
|9 105255
|
| 773 |
0 |
|
|t Literárny týždenník
|g Roč. 7, č. 5 (1994), s. 1 a 11
|
| 850 |
|
|
|a Slovenská národná knižnica
|
| 852 |
|
|
|a Slovenská národná knižnica
|
| 954 |
|
|
|a odborná, vedecká literatúra pôvodná (slovenská)
|2 lita
|
| 958 |
|
|
|a article14
|
| 958 |
|
|
|a BX
|
| 958 |
|
|
|a RK
|
| 958 |
|
|
|a LX
|
| 958 |
|
|
|a OND
|
| 958 |
|
|
|a EUIPO
|
| 999 |
|
|
|c 3251621
|d 3253551
|